Numerical methods for chemical engineers with MATLAB applications / (Record no. 60640)

000 -LEADER
fixed length control field 01364cam a2200313 a 4500
001 - CONTROL NUMBER
control field 3575465
003 - CONTROL NUMBER IDENTIFIER
control field NUST-PNEC
005 - DATE AND TIME OF LATEST TRANSACTION
control field 20170116180703.0
008 - FIXED-LENGTH DATA ELEMENTS--GENERAL INFORMATION
fixed length control field 990218s1999 njua b 001 0 eng
010 ## - LIBRARY OF CONGRESS CONTROL NUMBER
LC control number 99022296
020 ## - INTERNATIONAL STANDARD BOOK NUMBER
International Standard Book Number 0130138517
040 ## - CATALOGING SOURCE
Original cataloging agency DLC
Transcribing agency PNEC
Modifying agency DLC
050 00 - LIBRARY OF CONGRESS CALL NUMBER
Classification number QA297
Item number .C6494 1999
082 00 - DEWEY DECIMAL CLASSIFICATION NUMBER
Classification number 660.015194 CON
100 1# - MAIN ENTRY--PERSONAL NAME
Personal name Constantinides, A.
245 10 - TITLE STATEMENT
Title Numerical methods for chemical engineers with MATLAB applications /
Statement of responsibility, etc. Alkis Constantinides, Navid Mostoufi.
260 ## - PUBLICATION, DISTRIBUTION, ETC.
Place of publication, distribution, etc. Upper Saddle River, N.J. :
Name of publisher, distributor, etc. Prentice Hall PTR,
Date of publication, distribution, etc. c1999.
300 ## - PHYSICAL DESCRIPTION
Extent xxv, 559 p. :
Other physical details ill. ;
Dimensions 25 cm. +
Accompanying material .
440 #0 - SERIES STATEMENT/ADDED ENTRY--TITLE
Title Prentice-Hall international series in the physical and chemical engineering sciences
500 ## - GENERAL NOTE
General note http://www.amazon.com/Numerical-Methods-Chemical-Engineers-Applications/dp/0130138517/ref=sr_1_1?s=books&ie=UTF8&qid=1410758362&sr=1-1&keywords=0130138517
504 ## - BIBLIOGRAPHY, ETC. NOTE
Bibliography, etc. note Includes bibliographical references and index.
630 00 - SUBJECT ADDED ENTRY--UNIFORM TITLE
Uniform title MATLAB.
650 #0 - SUBJECT ADDED ENTRY--TOPICAL TERM
Topical term or geographic name entry element Numerical analysis
General subdivision Data processing.
650 #0 - SUBJECT ADDED ENTRY--TOPICAL TERM
Topical term or geographic name entry element Chemical engineering
General subdivision Mathematics
-- Data processing.
700 1# - ADDED ENTRY--PERSONAL NAME
Personal name Mostoufi, Navid.
906 ## - LOCAL DATA ELEMENT F, LDF (RLIN)
a 7
b cbc
c orignew
d 1
e ocip
f 19
g y-gencatlg
942 ## - ADDED ENTRY ELEMENTS (KOHA)
Source of classification or shelving scheme
Koha item type Book
Holdings
Withdrawn status Lost status Source of classification or shelving scheme Damaged status Not for loan Permanent Location Current Location Shelving location Date acquired Source of acquisition Cost, normal purchase price Total Checkouts Full call number Barcode Date last seen Cost, replacement price Price effective from Koha item type
          Pakistan Navy Engineering College (PNEC) Pakistan Navy Engineering College (PNEC) Reference 09/17/2007 Capital Books 6506.00   660.015194 CON PNECLIB-028470 09/15/2014 6506.00 09/17/2007 Book
© 2023 Central Library, National University of Sciences and Technology. All Rights Reserved.